[Event "ICS rated blitz match"]
[Site "204.178.125.65"]
[Date "2000.09.10"]
[Round "?"]
[White "Hossa"]
[Black "toto"]
[Result "1-0"]
[WhiteElo "2563"]
[BlackElo "2151"]
[PlyCount "60"]
[EventDate "2000.??.??"]

1. d4 Nf6 2. c4 g6 3. Nc3 Bg7 4. Nf3 O-O 5. e4 d6 6. Be2 e5 7. dxe5 dxe5 8.
Qxd8 Rxd8 9. Bg5 Re8 10. O-O c6 11. c5 h6 12. Be3 Nbd7 13. Nd2 Bf8 14. Nb3 a5
15. a4 Nb8 16. Bc4 Be6 17. Bxe6 Rxe6 18. Rad1 Nbd7 19. f3 Kg7 20. Rf2 Be7 21.
Rfd2 Nb8 22. Nb1 Na6 23. Na3 Nb4 24. Nc4 Ne8 25. Nbxa5 Bg5 26. Bxg5 hxg5 27.
Rd7 Kf8 28. Rxb7 Na6 29. Nb6 Nxc5 30. Nxa8 Nxb7 {toto resigns} 1-0

[Event "ICS Rated blitz match"]
[Site "204.178.125.65"]
[Date "2000.09.10"]
[Round "?"]
[White "ELASSIOUTI"]
[Black "Hossa"]
[Result "1/2-1/2"]
[WhiteElo "2339"]
[BlackElo "2546"]
[PlyCount "149"]
[EventDate "2000.??.??"]

1. d4 d5 2. c4 c6 3. Nc3 Nf6 4. cxd5 cxd5 5. Bf4 e6 6. e3 Nc6 7. Bd3 Be7 8. h3
O-O 9. Nf3 Nb4 10. Bb1 Bd6 11. Ne5 a6 12. O-O Qc7 13. Qf3 Nc6 14. Nxc6 bxc6 15.
Bxd6 Qxd6 16. Na4 Qb4 17. b3 Re8 18. Rc1 Qd2 19. Qd1 Qxd1+ 20. Rxd1 Nd7 21. Rc1
Bb7 22. Bd3 f5 23. f4 h5 24. Rc2 Kf7 25. Rac1 h4 26. Nc5 Nxc5 27. Rxc5 g5 28.
fxg5 Rg8 29. b4 Rxg5 30. Be2 Rag8 31. Bf3 R5g7 32. Kf2 Rg3 33. a4 Rb8 34. Rb1
Kg7 35. Ke2 Rg5 36. Kd3 Rg3 37. Kc3 Kf7 38. Rb2 Kg7 39. b5 axb5 40. axb5 cxb5
41. Rbxb5 Kf6 42. Rc7 Rg7 43. Rxg7 Kxg7 44. Kb4 Kf6 45. Rb6 Ke7 46. Be2 Kd7 47.
Bb5+ Kc7 48. Rxe6 Rg8 49. Bf1 Rg3 50. Kc5 Kd7 51. Re5 Kc7 52. Re7+ Kb8 53. Re5
Kc7 54. Re7+ Kb8 55. Re5 Kc7 56. Rxf5 Rxe3 57. Rf7+ Kb8 58. Rf4 Re4 59. Rxe4
dxe4 60. d5 e3 61. Kd4 Kc7 62. Kxe3 Bxd5 63. Kf4 Kd6 64. Kg5 Ke7 65. Kxh4 Bxg2
66. Bxg2 Kf6 67. Be4 Kg7 68. Kg5 Kh8 69. Kh6 Kg8 70. Kg6 Kh8 71. h4 Kg8 72. h5
Kh8 73. h6 Kg8 74. h7+ Kh8 75. Kf6 {Hossa stalemated} 1/2-1/2

[Event "ICS rated blitz match"]
[Site "204.178.125.65"]
[Date "2000.09.10"]
[Round "?"]
[White "grobdigger"]
[Black "Hossa"]
[Result "0-1"]
[WhiteElo "2109"]
[BlackElo "2540"]
[PlyCount "96"]
[EventDate "2000.??.??"]

1. d4 Nf6 2. Nc3 d5 3. Bg5 Nbd7 4. f3 Nb6 5. e4 dxe4 6. fxe4 a6 7. Nf3 h6 8.
Bh4 g5 9. Bg3 Bg7 10. e5 Nfd5 11. Ne4 g4 12. Nh4 Ne3 13. Qd3 Qxd4 14. Rc1 Qxd3
15. Bxd3 Nec4 16. e6 Bxe6 17. Bxc7 Rc8 18. Bxb6 Nxb6 19. c3 Bxa2 20. Nf5 Be5
21. O-O Nc4 22. Rf2 Rd8 23. Bf1 Nd6 24. Nfxd6+ Bxd6 25. Re1 Be5 26. Nc5 g3 27.
Rf5 gxh2+ 28. Kh1 Bg3 29. Re3 Bc7 30. Nxb7 Rd1 31. Rd3 Rb1 32. g3 Bc4 33. Rdf3
Bxf1 34. Rxf1 Rxf1+ 35. Rxf1 Bxg3 36. Nc5 Rg8 37. Nxa6 Bd6 38. c4 Be5 39. b4 h5
40. c5 Rg6 41. b5 h4 42. Rd1 Rg4 43. Re1 Bg3 44. Rd1 Kf8 45. c6 Rc4 46. Nb8 Kg7
47. b6 Bxb8 48. c7 Rxc7 {grobdigger resigns} 0-1

[Event "ICS rated blitz match"]
[Site "204.178.125.65"]
[Date "2000.09.10"]
[Round "?"]
[White "Hossa"]
[Black "Val-Vipp"]
[Result "0-1"]
[WhiteElo "2542"]
[BlackElo "2874"]
[PlyCount "76"]
[EventDate "2000.??.??"]

1. d4 d5 2. c4 Nf6 3. Nc3 dxc4 4. Nf3 c5 5. e3 Be6 6. Ng5 Bg4 7. f3 Bh5 8. d5
h6 9. Nh3 a6 10. Nf4 b5 11. g4 Bg6 12. Nxg6 fxg6 13. e4 Nbd7 14. Be3 Rc8 15.
Be2 g5 16. Rc1 Ne5 17. a4 b4 18. Nb1 e6 19. dxe6 Nd3+ 20. Bxd3 cxd3 21. e5 Ng8
22. Qb3 Ne7 23. Rxc5 Rxc5 24. Bxc5 Nc6 25. e7 Bxe7 26. Qe6 Qd7 27. Qg6+ Kf8 28.
Bxe7+ Nxe7 29. Qxa6 Qd4 30. Qa8+ Kf7 31. Qxh8 Qe3+ 32. Kf1 Qe2+ 33. Kg1 Nd5 34.
e6+ Kg6 35. Nd2 Nf4 36. Qe8+ Kh7 37. Qg8+ Kxg8 38. h3 Qg2# {Hossa checkmated}
0-1

[Event "ICS Rated standard match"]
[Site "204.178.125.65"]
[Date "2000.09.10"]
[Round "?"]
[White "BrazilianMaster"]
[Black "Hossa"]
[Result "1-0"]
[WhiteElo "2566"]
[BlackElo "2347"]
[PlyCount "71"]
[EventDate "2000.??.??"]

1. e4 e5 2. Nf3 Nc6 3. c3 Nf6 4. d4 Nxe4 5. d5 Nb8 6. Bd3 Nc5 7. Nxe5 Nxd3+ 8.
Nxd3 d6 9. O-O Be7 10. Be3 Bf5 11. Bd4 O-O 12. Qf3 g6 13. Nd2 Re8 14. g4 Bxd3
15. Qxd3 Qc8 16. h3 c6 17. c4 Nd7 18. Ne4 Qc7 19. Rfe1 cxd5 20. cxd5 Qa5 21.
Bc3 Qc7 22. g5 b6 23. f4 Rf8 24. Rac1 Qd8 25. Nf2 Re8 26. Qd4 f6 27. Re6 Nc5
28. Ne4 Nxe4 29. Qxe4 Qd7 30. Re1 Kf7 31. Qd4 Kg8 32. gxf6 Rf8 33. fxe7 Rf6 34.
Qxf6 Qxe7 35. Qh8+ Kf7 36. Rxe7# {Hossa checkmated} 1-0

[Event "ICS rated blitz match"]
[Site "204.178.125.65"]
[Date "2000.09.10"]
[Round "?"]
[White "SeaHawk"]
[Black "Hossa"]
[Result "0-1"]
[WhiteElo "2297"]
[BlackElo "2538"]
[PlyCount "24"]
[EventDate "2000.??.??"]

1. e4 e5 2. f4 exf4 3. Nf3 g5 4. h4 g4 5. Ng5 h6 6. Nxf7 Kxf7 7. Qxg4 Nf6 8.
Bc4+ d5 9. Qxf4 dxc4 10. O-O Qd4+ 11. Kh1 Bd6 12. Qf3 Qe5 {SeaHawk resigns} 0-1

[Event "ICS Rated blitz match"]
[Site "204.178.125.65"]
[Date "2000.09.10"]
[Round "?"]
[White "SeaHawk"]
[Black "Hossa"]
[Result "1/2-1/2"]
[WhiteElo "2285"]
[BlackElo "2550"]
[PlyCount "174"]
[EventDate "2000.??.??"]

1. c4 e5 2. Nc3 Nf6 3. Nf3 Nc6 4. g3 Bb4 5. Bg2 O-O 6. O-O e4 7. Ne1 Bxc3 8.
dxc3 h6 9. Nc2 b6 10. b3 a6 11. a4 d6 12. Ne3 Re8 13. Qc2 Kh8 14. Ba3 Rb8 15.
Rad1 Be6 16. Nd5 Bf5 17. Ne3 Be6 18. Bc1 Ne7 19. f4 Qd7 20. Ba3 Bh3 21. c5 Bxg2
22. Kxg2 bxc5 23. Bxc5 Nc6 24. b4 Qe6 25. Bd4 Nxd4 26. Rxd4 Qd7 27. a5 Kg8 28.
Rfd1 Rb7 29. h3 Rf8 30. g4 Rfb8 31. Kg3 Qe6 32. Nd5 Re8 33. Nxf6+ Qxf6 34. e3
Qe6 35. Rd5 g6 36. f5 Qf6 37. Rf1 h5 38. Rf4 c6 39. fxg6 h4+ 40. Kg2 Qxg6 41.
Rdf5 d5 42. Rf6 Qg7 43. Rxc6 Ra7 44. Qd2 Qe5 45. Qd4 Qxd4 46. exd4 e3 47. Kf1
e2+ 48. Ke1 Re3 49. Rf5 Rxh3 50. Kxe2 Rg3 51. Rg5+ Kf8 52. Rxd5 Rxg4 53. Rh5
Re7+ 54. Kd3 Rg3+ 55. Kc4 Ree3 56. Kc5 Rxc3+ 57. Kb6 Rxc6+ 58. Kxc6 Rb3 59. d5
Rxb4 60. d6 Rc4+ 61. Kb6 Ke8 62. Kxa6 Rb4 63. Ka7 Kd7 64. Rh6 f6 65. Rxf6 h3
66. Rh6 h2 67. Rxh2 Kxd6 68. Rc2 Kd7 69. a6 Kd8 70. Ka8 Kd7 71. Rh2 Kc7 72.
Rh7+ Kc8 73. Rh8+ Kc7 74. Rh7+ Kc8 75. Rb7 Rc4 76. a7 Rd4 77. Rb8+ Kc7 78. Rb7+
Kc8 79. Rh7 Rc4 80. Rh8+ Kc7 81. Rh7+ Kc8 82. Rh8+ Kc7 83. Rh7+ Kc8 84. Rh8+
Kc7 85. Rh7+ Kc8 86. Rh8+ Kc7 87. Rh7+ Kc8 {Game drawn by repetition} 1/2-1/2

[Event "ICS rated bullet match"]
[Site "204.178.125.65"]
[Date "2000.09.10"]
[Round "?"]
[White "QueenMaxima"]
[Black "Hossa"]
[Result "1-0"]
[WhiteElo "2445"]
[BlackElo "2464"]
[PlyCount "123"]
[EventDate "2000.??.??"]

1. d4 d5 2. c4 e6 3. Nc3 Nf6 4. cxd5 exd5 5. Bf4 Bd6 6. Bxd6 Qxd6 7. e3 Bf5 8.
Bb5+ c6 9. Bd3 Bxd3 10. Qxd3 Na6 11. Nf3 Nb4 12. Qf5 g6 13. Qb1 O-O 14. O-O Ng4
15. a3 Na6 16. h3 Nf6 17. Ne5 Nd7 18. Nxd7 Qxd7 19. Qc2 Nc7 20. Na4 Qe7 21. Nc5
Ne6 22. Rfd1 Nxc5 23. dxc5 Rfe8 24. Rd4 Qg5 25. Rad1 Rab8 26. Rf4 Rbc8 27. Rb4
Rc7 28. Qa4 Ra8 29. b3 Qf5 30. Qa5 Re7 31. Rdd4 Qb1+ 32. Kh2 Qe1 33. Rf4 Qc1
34. Rf6 Qc3 35. Rd6 Kg7 36. g3 Qd2 37. Kg1 h6 38. h4 h5 39. Kf1 Qd1+ 40. Kg2
Qb1 41. Kh2 Qb2 42. Kg1 Qc1+ 43. Kg2 Qc2 44. Kg1 Qe2 45. Rf4 Qd1+ 46. Kg2 Qxb3
47. Qb4 Qc2 48. Rdf6 Rae8 49. Kh2 a5 50. Qd4 Kg8 51. Rf3 Re4 52. Qa1 Rf8 53.
Kh1 Qxc5 54. Kh2 Ra4 55. Qe5 Qxa3 56. Qc7 Rg4 57. Qxb7 Qb4 58. Qxc6 Qc4 59.
Rxf7 Qxc6 60. Rxf8+ Kg7 61. R3f7+ Kh6 62. Rh8# {Hossa checkmated} 1-0

[Event "ICS rated blitz match"]
[Site "204.178.125.65"]
[Date "2000.09.10"]
[Round "?"]
[White "Hossa"]
[Black "segundamano"]
[Result "1/2-1/2"]
[WhiteElo "2540"]
[BlackElo "2445"]
[PlyCount "143"]
[EventDate "2000.??.??"]

1. e4 c5 2. c3 d5 3. exd5 Qxd5 4. d4 Nc6 5. Be3 cxd4 6. cxd4 e6 7. Nc3 Qd6 8.
Nf3 Nf6 9. Bc4 Be7 10. O-O O-O 11. Rc1 a6 12. Qd2 Nb4 13. Bf4 Qd8 14. a3 Nbd5
15. Nxd5 Nxd5 16. Bxd5 Qxd5 17. Rc7 Bd6 18. Bxd6 Qxd6 19. Rfc1 Rb8 20. Qg5 Bd7
21. Qe5 Qxe5 22. Nxe5 Bb5 23. f3 f6 24. Nd7 Bxd7 25. Rxd7 Rf7 26. Rcc7 Rxd7 27.
Rxd7 Kf8 28. Kf2 b6 29. b3 h6 30. Rc7 a5 31. Ke3 h5 32. g3 Kg8 33. Re7 Rc8 34.
Rxe6 Rc3+ 35. Ke4 Rxb3 36. a4 Kf7 37. Rc6 Rb4 38. Kd5 Rxa4 39. Rxb6 Ra2 40. h4
a4 41. Rb7+ Kg6 42. f4 a3 43. Ra7 Ra1 44. Kc4 a2 45. Kb3 Rd1 46. Rxa2 Rxd4 47.
Kc2 Re4 48. Kd2 Kh7 49. Ra5 Kg6 50. Rd5 Ra4 51. f5+ Kh6 52. Rd8 Ra2+ 53. Ke3
Kh7 54. Re8 Ra3+ 55. Kf4 Ra4+ 56. Kf3 Ra3+ 57. Kf4 Ra4+ 58. Kf3 Ra3+ 59. Kf4
Ra4+ 60. Kf3 Ra3+ 61. Kf4 Ra4+ 62. Kf3 Ra3+ 63. Kf4 Ra4+ 64. Kf3 Ra3+ 65. Kf4
Ra4+ 66. Kf3 Ra3+ 67. Kf4 Ra4+ 68. Kf3 Ra3+ 69. Kf4 Ra4+ 70. Kf3 Ra3+ 71. Kf4
Ra4+ 72. Kf3 {Game drawn by repetition} 1/2-1/2

[Event "ICS rated standard match"]
[Site "204.178.125.65"]
[Date "2000.09.10"]
[Round "?"]
[White "Hossa"]
[Black "janh"]
[Result "1/2-1/2"]
[WhiteElo "2340"]
[BlackElo "2474"]
[PlyCount "118"]
[EventDate "2000.??.??"]

1. e4 Nf6 2. e5 Nd5 3. d4 d6 4. Nf3 dxe5 5. Nxe5 Nd7 6. Bc4 e6 7. O-O Be7 8.
Qg4 O-O 9. Bh6 Bf6 10. Re1 c5 11. c3 cxd4 12. cxd4 Qc7 13. Nxd7 Bxd7 14. Nd2
Rfd8 15. Rac1 Qb6 16. Nb3 Bb5 17. Bxb5 Qxb5 18. Bg5 a5 19. Rc5 Qb4 20. Bd2 Qa4
21. Rxa5 Rxa5 22. Bxa5 b6 23. Bc3 Nxc3 24. bxc3 Qxa2 25. Qd1 Qb2 26. Re3 Rc8
27. d5 exd5 28. Rd3 Rxc3 29. Rxd5 g6 30. Rd3 Rc2 31. Rd2 Rxd2 32. Nxd2 Qa1 33.
Qxa1 Bxa1 34. Kf1 b5 35. Ke2 f5 36. Nb3 Be5 37. Kd3 Bxh2 38. Nd4 b4 39. g3 f4
40. g4 Bg1 41. Ke2 h5 42. gxh5 gxh5 43. Kf1 Bxf2 44. Kxf2 h4 45. Kg2 Kf7 46.
Kh3 f3 47. Nxf3 b3 48. Kxh4 b2 49. Nd2 Kf6 50. Nb1 Ke5 51. Kg5 Ke4 52. Nc3+ Kd3
53. Nb1 Ke4 54. Nc3+ Kd4 55. Nb5+ Ke3 56. Nc3 Kd2 57. Nb1+ Kc2 58. Na3+ Kd1 59.
Kf4 b1=N {Game drawn because neither player has mating material} 1/2-1/2

[Event "ICS rated standard match"]
[Site "204.178.125.65"]
[Date "2000.09.10"]
[Round "?"]
[White "PostModernist"]
[Black "Hossa"]
[Result "1-0"]
[WhiteElo "2452"]
[BlackElo "2346"]
[PlyCount "155"]
[EventDate "2000.??.??"]

1. e4 c5 2. c3 d5 3. exd5 Qxd5 4. d4 Nc6 5. Nf3 Bg4 6. dxc5 Qxd1+ 7. Kxd1 e5 8.
b4 e4 9. h3 Bh5 10. g4 Bxg4 11. hxg4 exf3 12. Kc2 a5 13. Bb5 O-O-O 14. Bxc6
bxc6 15. bxa5 Bxc5 16. Rh3 f5 17. gxf5 Bxf2 18. Rxf3 Ba7 19. Na3 Nf6 20. Nc4
Rhe8 21. Bg5 Re2+ 22. Kb3 Bc5 23. a6 Rd7 24. Bxf6 gxf6 25. Rh1 Ra7 26. Rg3 Re8
27. Rh6 Rf7 28. Rd3 Kc7 29. Rdh3 Rh8 30. Rh1 Bf8 31. R6h4 Bc5 32. a4 Rd7 33.
Rh6 Rf7 34. Ka2 Kc8 35. Na5 Kc7 36. Rb1 Bb6 37. Nc4 Rb8 38. Rbh1 Rh8 39. R6h2
Bc5 40. Rb2 Rb8 41. Rxb8 Kxb8 42. Re1 Ra7 43. Re6 Rxa6 44. Kb3 h5 45. Rxf6 h4
46. Rh6 Ra7 47. Ne5 Kb7 48. Rxh4 Kc7 49. f6 Rb7+ 50. Kc2 Kd6 51. Rh5 Ke6 52.
Nxc6 Kd6 53. Na5 Rb8 54. Nc4+ Kc6 55. f7 Be7 56. Ne5+ Kd6 57. Ng6 Ke6 58. Re5+
Kxf7 59. Nxe7 Kf6 60. a5 Rd8 61. c4 Rd6 62. c5 Rd4 63. Re3 Rc4+ 64. Rc3 Re4 65.
c6 Rxe7 66. c7 Rg7 67. c8=Q Rg2+ 68. Kb3 Rg7 69. Qf8+ Rf7 70. Qxf7+ Kxf7 71.
Re3 Kg7 72. a6 Kf8 73. a7 Kg7 74. a8=Q Kf6 75. Qd5 Kg6 76. Re6+ Kg7 77. Qd7+
Kh8 78. Re8# {Hossa checkmated} 1-0

[Event "ICS rated blitz match"]
[Site "204.178.125.65"]
[Date "2000.09.10"]
[Round "?"]
[White "Hossa"]
[Black "tapsatal"]
[Result "1-0"]
[WhiteElo "2537"]
[BlackElo "1927"]
[PlyCount "41"]
[EventDate "2000.??.??"]

1. e4 c6 2. d4 d5 3. e5 Bf5 4. Nc3 e6 5. g4 Bg6 6. Nge2 h5 7. Nf4 Ne7 8. Nxg6
Nxg6 9. gxh5 Nh4 10. Qg4 Nd7 11. Bd2 Nf5 12. O-O-O Qb6 13. Bd3 Nh6 14. Qh4 a5
15. Rhg1 a4 16. a3 Qd8 17. Bg5 Qc7 18. Qh3 b5 19. Bg6 Be7 20. Qxe6 Rf8 21.
Qxe7# {tapsatal checkmated} 1-0

[Event "ICS rated blitz match"]
[Site "204.178.125.65"]
[Date "2000.09.10"]
[Round "?"]
[White "tapsatal"]
[Black "Hossa"]
[Result "0-1"]
[WhiteElo "1926"]
[BlackElo "2538"]
[PlyCount "70"]
[EventDate "2000.??.??"]

1. d4 d5 2. c4 e6 3. Nc3 Nf6 4. Nf3 Be7 5. Bf4 dxc4 6. e3 Nd5 7. Bxc4 Nxf4 8.
exf4 O-O 9. O-O Bd6 10. Qd2 Bd7 11. Rad1 Nc6 12. a3 Qf6 13. g3 Qf5 14. Bd3 Qh5
15. Be4 f5 16. Bb1 Qxf3 17. d5 exd5 18. Nxd5 Be8 19. b4 Qxa3 20. b5 Nd8 21. b6
axb6 22. Nxb6 Bb4 23. Qd5+ Bf7 24. Qxf5 g6 25. Qb5 Ra5 26. Qd7 cxb6 27. Rd3 Qb2
28. Rfd1 Bb3 29. Rxb3 Qxb3 30. Be4 Qe6 31. Bd5 Rxd5 32. Qxd5 Qxd5 33. Rxd5 Nc6
34. Rd7 Rf7 35. Rd5 Bc5 {tapsatal resigns} 0-1

[Event "ICS rated blitz match"]
[Site "204.178.125.65"]
[Date "2000.09.10"]
[Round "?"]
[White "Hossa"]
[Black "tapsatal"]
[Result "1-0"]
[WhiteElo "2539"]
[BlackElo "1925"]
[PlyCount "85"]
[EventDate "2000.??.??"]

1. e4 c6 2. d4 d5 3. Nc3 Nf6 4. e5 Ng8 5. Bd3 g6 6. Nf3 h5 7. O-O Bg4 8. h3
Bxf3 9. Qxf3 e6 10. Be3 Nd7 11. a3 Be7 12. g3 a6 13. Rad1 c5 14. Rfe1 cxd4 15.
Bxd4 Nc5 16. Be2 Rc8 17. Ra1 Nh6 18. b4 Nd7 19. Bd3 Nb6 20. Rad1 Nc4 21. Bxc4
Rxc4 22. Qd3 Qc7 23. Na4 Nf5 24. Bc5 Bxc5 25. Nxc5 Qc6 26. Re4 Rxe4 27. Nxe4
O-O 28. Nf6+ Kg7 29. g4 hxg4 30. hxg4 Nh4 31. Re1 Rc8 32. Qh3 g5 33. Qe3 Kg6
34. Qd3+ Kg7 35. Rc1 Ng6 36. Qe3 Qc3 37. Qxg5 Qxe5 38. Nh5+ Kf8 39. Nf6 Ke7 40.
Nxd5+ Kd6 41. Nf6 Qf4 42. Rd1+ Kc6 43. Qc5# {tapsatal checkmated} 1-0

[Event "ICS rated blitz match"]
[Site "204.178.125.65"]
[Date "2000.09.10"]
[Round "?"]
[White "tapsatal"]
[Black "Hossa"]
[Result "0-1"]
[WhiteElo "1924"]
[BlackElo "2540"]
[PlyCount "94"]
[EventDate "2000.??.??"]

1. d4 d5 2. c4 e6 3. Nc3 Nf6 4. Bg5 Be7 5. Nf3 O-O 6. e3 Nbd7 7. cxd5 exd5 8.
Bd3 Nb6 9. h3 Ne4 10. Bxe7 Qxe7 11. O-O Bf5 12. Rc1 c6 13. Qc2 Rfe8 14. Ne2 Qf6
15. b3 Bxh3 16. Nf4 Bf5 17. Ne5 Rad8 18. a4 Nd7 19. Nxd7 Rxd7 20. b4 Rd6 21. b5
Qh4 22. g3 Nxg3 23. fxg3 Qxg3+ 24. Ng2 Bxd3 25. Qxd3 Rg6 26. Rc2 Qh3 27. Qf5
Qxe3+ 28. Rff2 Qe1+ 29. Kh2 Rh6+ 30. Kg3 Qe6 31. Qxe6 Rhxe6 32. Nf4 Rh6 33.
bxc6 bxc6 34. Rc5 g5 35. Ng2 Re4 36. Rf5 Rxd4 37. Rxg5+ Kf8 38. Ra5 f6 39. Rf5
Rd3+ 40. Kf4 Ke7 41. Rxa7+ Ke6 42. Ra6 Rd4+ 43. Ke3 Re4+ 44. Kd3 Rh3+ 45. Kd2
Kxf5 46. Rxc6 Rh2 47. Kd3 Rxg2 {tapsatal resigns} 0-1

[Event "ICS rated standard match"]
[Site "204.178.125.65"]
[Date "2000.09.10"]
[Round "?"]
[White "janh"]
[Black "Hossa"]
[Result "1/2-1/2"]
[WhiteElo "2468"]
[BlackElo "2335"]
[PlyCount "122"]
[EventDate "2000.??.??"]

1. d4 d5 2. c4 e6 3. cxd5 exd5 4. Nc3 Nf6 5. Bg5 Be7 6. Qc2 Nc6 7. e3 O-O 8. a3
a6 9. Bd3 g6 10. Nf3 Be6 11. O-O Re8 12. Rad1 Ng4 13. Bf4 Bd6 14. Ne2 Qe7 15.
h3 Bxf4 16. Nxf4 Nf6 17. Rc1 Nd7 18. b4 Nb6 19. Qc5 Qf8 20. Qxf8+ Rxf8 21. Ng5
Bd7 22. Rc5 f6 23. Nf3 Rf7 24. Rfc1 Be8 25. Nxd5 Nxd5 26. Rxd5 b6 27. Bc4 Kg7
28. e4 Re7 29. Bd3 Nd8 30. e5 f5 31. e6 c6 32. Re5 Nxe6 33. Rce1 Kf6 34. Bc4
Bf7 35. h4 b5 36. Bb3 Rae8 37. Ng5 Bg8 38. Ba2 h6 39. Nf3 g5 40. hxg5+ hxg5 41.
d5 cxd5 42. Rxd5 g4 43. Nh4 Nd4 44. Rd6+ Be6 45. Bxe6 Rxe6 46. Rexe6+ Nxe6 47.
Rxa6 Rd8 48. g3 Rd5 49. f4 Rd3 50. Kf2 Rd2+ 51. Kf1 Ra2 52. Ke1 Ra1+ 53. Kf2
Ra2+ 54. Ke3 Rb2 55. Rb6 Rb3+ 56. Kf2 Rxa3 57. Rxb5 Ra2+ 58. Kf1 Ra1+ 59. Kg2
Ra2+ 60. Kf1 Ra1+ 61. Kf2 Ra2+ {Game drawn by mutual agreement} 1/2-1/2

[Event "ICS rated blitz match"]
[Site "204.178.125.65"]
[Date "2000.09.10"]
[Round "?"]
[White "Hossa"]
[Black "Mugwort"]
[Result "1-0"]
[WhiteElo "2541"]
[BlackElo "2317"]
[PlyCount "71"]
[EventDate "2000.??.??"]

1. e4 d6 2. d4 e6 3. Nc3 Ne7 4. Nf3 b6 5. Be3 Nd7 6. Bc4 Bb7 7. O-O Rb8 8. Qe2
h6 9. d5 e5 10. a4 a5 11. Ba6 Qc8 12. Bb5 Qd8 13. Nd2 Ng6 14. Qh5 Be7 15. Qf5
Bc8 16. Bc6 O-O 17. Qf3 Nf6 18. Qe2 Nh7 19. Nb5 f5 20. Qh5 Rf6 21. exf5 Bxf5
22. Rfc1 Nf4 23. Bxf4 exf4 24. Nd4 Bg6 25. Qe2 Ng5 26. Re1 Bf8 27. Qc4 Bf7 28.
Bb5 Rg6 29. Nc6 Nh3+ 30. Kf1 Qh4 31. g3 fxg3 32. Qxh4 g2+ 33. Ke2 Re8+ 34. Kd3
Rxe1 35. Rxe1 Bxd5 36. Bc4 {Mugwort resigns} 1-0

[Event "ICS rated standard match"]
[Site "204.178.125.65"]
[Date "2000.09.10"]
[Round "?"]
[White "Hossa"]
[Black "Esen"]
[Result "1-0"]
[WhiteElo "2341"]
[BlackElo "1916"]
[PlyCount "43"]
[EventDate "2000.??.??"]

1. e4 c6 2. d4 g6 3. f4 Bg7 4. Nf3 d5 5. e5 Bg4 6. h3 Bxf3 7. Qxf3 e6 8. Bd3
Ne7 9. O-O O-O 10. b3 Nf5 11. Ba3 Re8 12. c3 Bf8 13. g4 Bxa3 14. Nxa3 Ng7 15.
Nc2 Rf8 16. Qf2 h5 17. gxh5 Nxh5 18. Ne3 Kg7 19. f5 Qg5+ 20. Kh2 exf5 21. Nxf5+
Kh7 22. Nd6 {Esen resigns} 1-0

[Event "ICS rated blitz match"]
[Site "204.178.125.65"]
[Date "2000.09.10"]
[Round "?"]
[White "QueenMaxima"]
[Black "Hossa"]
[Result "0-1"]
[WhiteElo "2556"]
[BlackElo "2548"]
[PlyCount "136"]
[EventDate "2000.??.??"]

1. d4 d5 2. c4 Nf6 3. cxd5 Bf5 4. f3 Bxb1 5. Qa4+ c6 6. Rxb1 Qxd5 7. e3 b5 8.
Qa5 e5 9. Ne2 exd4 10. Nxd4 Bc5 11. Nb3 Bb6 12. Qa3 Qe5 13. Na5 Nd5 14. e4 f5
15. Bd3 b4 16. Qa4 Bxa5 17. Qxa5 O-O 18. Qc5 fxe4 19. fxe4 Rf6 20. Bd2 Nd7 21.
Qc2 a5 22. a3 Raf8 23. Kd1 Qh5+ 24. Kc1 N5b6 25. axb4 axb4 26. Qb3+ R8f7 27.
Qxb4 c5 28. Qb5 Rf2 29. Bf1 Qg6 30. b4 Qxe4 31. bxc5 Nxc5 32. Rb4 Rxf1+ 33.
Rxf1 Nd3+ 34. Qxd3 Qxd3 35. Rxf7 Kxf7 36. Rxb6 Qf1+ 37. Kc2 Qxg2 38. Kd3 Qxh2
39. Be3 Qg2 40. Bd4 Qf3+ 41. Kc4 h5 42. Rd6 Qe2+ 43. Kc5 Qc2+ 44. Kd5 Qg2+ 45.
Kc5 h4 46. Rd7+ Ke6 47. Rd6+ Ke7 48. Rc6 h3 49. Be5 h2 50. Bxh2 Qxh2 51. Kd5
Qh1+ 52. Kc5 Qxc6+ 53. Kxc6 Ke6 54. Kc5 Ke5 55. Kc4 Ke4 56. Kc3 g5 57. Kc2 Ke3
58. Kd1 g4 59. Ke1 g3 60. Kf1 Kf3 61. Ke1 g2 62. Kd2 Ke4 63. Kc3 g1=Q 64. Kb4
Kd4 65. Kb5 Qg6 66. Ka4 Kc4 67. Ka5 Qh6 68. Ka4 Qa6# {QueenMaxima checkmated}
0-1

[Event "ICS rated blitz match"]
[Site "204.178.125.65"]
[Date "2000.09.10"]
[Round "?"]
[White "Hossa"]
[Black "QueenMaxima"]
[Result "1/2-1/2"]
[WhiteElo "2564"]
[BlackElo "2540"]
[PlyCount "206"]
[EventDate "2000.??.??"]

1. e4 c5 2. Nf3 e6 3. d4 cxd4 4. Nxd4 Nc6 5. Nc3 Qc7 6. Be2 a6 7. O-O Nf6 8.
Kh1 Be7 9. Be3 O-O 10. Kg1 Bb4 11. Nxc6 Qxc6 12. f3 Bxc3 13. bxc3 e5 14. c4 d6
15. Rb1 Rd8 16. Qd2 Qa4 17. Bb6 Re8 18. Bc7 Qxa2 19. Qc3 Qa4 20. Bxd6 Nd7 21.
c5 Qc6 22. Rfd1 b5 23. Qb4 Nf6 24. c4 bxc4 25. Bxc4 Be6 26. Bxe6 Rxe6 27. Qb7
Qxb7 28. Rxb7 h5 29. c6 Rc8 30. c7 Kh7 31. Rb8 Rxd6 32. Rxd6 Rxc7 33. Rxa6 h4
34. Rb2 Nh5 35. g3 f6 36. Kg2 Kh6 37. Ra8 g6 38. Rh8+ Kg5 39. Kf2 Rc1 40. Ra2
Rh1 41. gxh4+ Kxh4 42. Ke3 Re1+ 43. Re2 Rb1 44. Kd3 Rb3+ 45. Kd2 Rxf3 46. Rg2
g5 47. Ke2 Rb3 48. Kd1 Rb4 49. Re2 Rd4+ 50. Ke1 g4 51. Kf2 Rb4 52. Ke3 Rb3+ 53.
Kd2 Kg5 54. Kc2 Ra3 55. Kb2 Ra4 56. Kb3 Rd4 57. Re3 Kf4 58. Re1 Ng7 59. Rf8 Nh5
60. Rg8 g3 61. Rf1+ Kxe4 62. hxg3 Rd3+ 63. Kc4 Rxg3 64. Rxg3 Nxg3 65. Rxf6 Ne2
66. Rf1 Ng3 67. Re1+ Kf4 68. Rb1 e4 69. Rb4 e3 70. Kd5+ Kf5 71. Rb1 e2 72. Re1
Ne4 73. Kd4 Ng3 74. Ke3 Ne4 75. Kf3 Nc5 76. Kxe2 Na6 77. Kd3 Nc5+ 78. Kc3 Na6
79. Kb3 Nc5+ 80. Ka2 Na6 81. Re3 Nc5 82. Re7 Na6 83. Kb3 Nc5+ 84. Kb4 Nd3+ 85.
Kc4 Ne5+ 86. Kb3 Nc6 87. Re1 Na7 88. Kb4 Nc6+ 89. Kc5 Ne5 90. Kb6 Ng4 91. Kc6
Ne5+ 92. Kb7 Ng4 93. Rg1 Ne5 94. Rg3 Ng4 95. Kc6 Ne5+ 96. Kd5 Ng4 97. Rg1 Ne3+
98. Kd4 Ng4 99. Rg2 Nf6 100. Rg7 Nh5 101. Rg2 Nf6 102. Rg7 Nh5 103. Rg2 Nf6 {
Game drawn by repetition} 1/2-1/2

[Event "ICS rated blitz match"]
[Site "204.178.125.65"]
[Date "2000.09.10"]
[Round "?"]
[White "QueenMaxima"]
[Black "Hossa"]
[Result "0-1"]
[WhiteElo "2541"]
[BlackElo "2563"]
[PlyCount "196"]
[EventDate "2000.??.??"]

1. d4 d5 2. c4 e6 3. Nc3 Nf6 4. cxd5 exd5 5. Bg5 Be7 6. Nf3 c6 7. Qc2 Na6 8. a3
Nc7 9. e3 Ne6 10. Bh4 O-O 11. Bd3 g6 12. O-O Bd6 13. Ne5 Ng7 14. e4 Ne6 15. Ng4
g5 16. Nxf6+ Qxf6 17. e5 Nxd4 18. Bxh7+ Kh8 19. exf6 Nxc2 20. Bxc2 gxh4 21.
Rae1 Bc7 22. h3 Be6 23. b4 Bd8 24. Re5 Bxf6 25. Rh5+ Kg8 26. Na4 a5 27. Rh6 Bg5
28. Rh5 Be7 29. Nb6 Ra6 30. bxa5 Rxa5 31. Nc4 Raa8 32. Ne5 Rxa3 33. Rb1 Bc8 34.
Nf3 Ra2 35. Bb3 Re2 36. Bd1 Re4 37. Bc2 Rf4 38. Re1 Bf6 39. Re3 Rc4 40. Bd3 Ra4
41. Re2 b5 42. Bc2 Rf4 43. Ne1 Rd8 44. Bh7+ Kg7 45. Bb1 Be6 46. Rh7+ Kf8 47.
Bc2 Rc4 48. Nf3 Ra8 49. Bg6 Ra1+ 50. Kh2 Kg8 51. Bd3 Rc3 52. Rh6 Be7 53. Bf5
Bd6+ 54. Ne5 Kg7 55. Rh7+ Kf6 56. Bxe6 Bxe5+ 57. Rxe5 Kxe5 58. Bxf7 Rc4 59. Be8
Rac1 60. Bd7 Rf4 61. f3 b4 62. Rh8 b3 63. Rb8 Kd6 64. Bg4 Rb1 65. Rd8+ Kc5 66.
Rb8 b2 67. Rb3 Kc4 68. Rb8 c5 69. Rb7 Kd4 70. Bh5 Rf6 71. Rb5 Re6 72. Bg6 Rxg6
73. Rb3 Kc4 74. Rb7 Kc3 75. f4 Rf1 76. Rb5 c4 77. f5 Rxf5 78. Kg1 Kc2 79. Kh2
c3 80. Rb4 Kc1 81. g3 hxg3+ 82. Kg1 g2 83. Rg4 Rxg4 84. hxg4 Rf8 85. Kxg2 c2
86. g5 d4 87. g6 d3 88. Kh3 Rg8 89. Kg4 Rxg6+ 90. Kf5 b1=Q 91. Kxg6 Qb5 92. Kf6
Kb2 93. Ke6 c1=Q 94. Kf7 Qd7+ 95. Kf6 Qg5+ 96. Kxg5 d2 97. Kf4 d1=Q 98. Ke3
Q7d4# {QueenMaxima checkmated} 0-1